La Torre de Babel /

Збережено в:
Бібліографічні деталі
Автор: West, Morris (autor)
Формат: Книга
Мова:Іспанська
Опубліковано: Buenos Aires, Argentina : Javier Vergara, 1975, c1975
Предмети:
Теги: Додати тег
Немає тегів, Будьте першим, хто поставить тег для цього запису!

MARC

LEADER 00000nam^a2200000^a^4500
001 000270795
005 20250521000000.0
008 071214 19751975
009 20260526134054.82
020 |a 950-15-0132-9 
037 |a Acervo Xavier Clavigero 
041 |a ESP 
082 |a 823.  |b WES 
100 |a West, Morris  |e (autor) 
240 1 4 |a [La Torre de Babel] 
245 1 3 |a La Torre de Babel /  |c M. West ; tr. por O.L.M.S. 
264 4 |a Buenos Aires, Argentina :  |b Javier Vergara,  |c 1975, c1975 
300 |a 400 p. 
336 |a texto  |b txt  |2 rdacontenido 
337 |a sin mediación  |b n  |2 rdamedio 
338 |a volumen  |b nc  |2 rdasoporte 
500 |a Traducción de: The Tower of Babel 
649 |a XX 
650 |a Novela Australiana 
650 |a Literatura Australiana -  |y Siglo XX 
650 |a Relaciones Internacionales -  |z Israel-Palestina 
910 |a Fondo General 
920 |a Impresos - Libros 
930 |a Colección General 
940 |a Literatura 
905 |a 101 
901 |a 000764  |b IT1  |c LIT  |u 20250521 
902 |a https://opac.biblio.iteso.mx/vufind/Record/000270795